Holiday Planning a Robert Bosch Kft Transport Management Centerében

Bibliográfiai részletek
Szerző: Igaz Levente
További közreműködők: Orbán Dr. Gabriella
Dokumentumtípus: Diplomadolgozat
Kulcsszavak:Járattervezés
Ünnepnap
Robert Bosch Kft.
Online Access:http://dolgozattar.uni-bge.hu/8470

MARC

LEADER 00000nta a2200000 i 4500
001 dolg8470
005 20170410092729.0
008 161208suuuu hu om 000 hun d
040 |a BGE Dolgozattár Repozitórium  |b hun 
041 |a hu 
100 1 |a Igaz Levente 
245 1 0 |a Holiday Planning a Robert Bosch Kft Transport Management Centerében  |c Igaz Levente  |h [elektronikus dokumentum] 
695 |a Járattervezés 
695 |a Ünnepnap 
695 |a Robert Bosch Kft. 
700 1 |a Orbán Dr. Gabriella  |e ths 
856 4 0 |u http://dolgozattar.uni-bge.hu/8470/1/Igaz_Levente_szakdolgozat.pdf  |z Dokumentum-elérés 
856 4 0 |u http://dolgozattar.uni-bge.hu/8470/2/Hivatalos%20bejegyz%C3%A9s%20Igaz%20Levente.pdf  |z Dokumentum-elérés